Entry Nombre personal
001 - NÚMERO DE CONTROL
- campo de control: 95013
003 - IDENTIFICADOR DE NÚMERO DE CONTROL
- campo de control: OSt
005 - FECHA Y HORA DE LA ÚLTIMA TRANSACCIÓN
- campo de control: 20230222192600.0
008 - ELEMENTOS DE DATO DE LONGITUD-FIJA
- campo de control de longitud fija: 070306 n acnnnaaan n bnn d
040 ## - FUENTE DE CATALOGACIÓN
- Centro catalogador/agencia de origen: OSt
- Centro/agencia transcriptor: OSt
100 10 - ENCABEZAMIENTO-NOMBRE DE PERSONA
- Nombre de persona: Rahola, Carles
400 00 - TRAZADO DE VÉASE--NOMBRE DE PERSONA
- Nombre de persona: Rahola, Carlos
400 00 - TRAZADO DE VÉASE--NOMBRE DE PERSONA
- Nombre de persona: Rahola i Llorens, Carles
400 00 - TRAZADO DE VÉASE--NOMBRE DE PERSONA
- Nombre de persona: Rahola y Llorens, Carlos
